000 00247nam a2200097Ia 4500
082 _aJ 579 WALK
245 0 _aMicroscopic life
100 _a WALKER, Richard Boston, 2004
_972202
942 _cBK
008 210817s9999 xx 000 0 und d
999 _c235528
_d235527